[Event "BL2-Ost 2223"]
[Site "Germany"]
[Date "2022.11.26"]
[Round "3.8"]
[White "Casper, Thomas"]
[Black "Kleibel, Uwe"]
[Result "1/2-1/2"]
[WhiteElo "2349"]
[BlackElo "2238"]
[PlyCount "33"]
[EventDate "2022.10.22"]
[EventType "team-tourn"]
[EventRounds "10"]
[EventCountry "GER"]
[SourceTitle "EXT 2024"]
[Source "ChessBase"]
[SourceDate "2023.10.10"]
[SourceVersion "1"]
[SourceVersionDate "2023.10.10"]
[SourceQuality "1"]
[WhiteTeam "Erfurt"]
[BlackTeam "Regensburg Bavaria"]
[WhiteTeamCountry "GER"]
[BlackTeamCountry "GER"]

1. e4 c6 2. d4 d5 3. Nc3 dxe4 4. Nxe4 Nf6 5. Nxf6+ exf6 6. Bc4 Bd6 7. Qe2+ Be7 8. Nf3 0-0 9. h3 Bd6 10. 0-0 Re8 11. Qd3 Be6 12. Bd2 Bxc4 13. Qxc4 Na6 14. Rfe1 Qd7 15. Rxe8+ Rxe8 16. Re1 Nc7 17. Rxe8+ 1/2-1/2

[Event "WchT Seniors 50"]
[Site "Dresden"]
[Date "2018.07.12"]
[Round "6.1"]
[White "Casper, Thomas"]
[Black "Hebden, Mark"]
[Result "1/2-1/2"]
[WhiteElo "2354"]
[BlackElo "2423"]
[PlyCount "70"]
[EventDate "2018.07.07"]
[EventType "team-swiss"]
[EventRounds "9"]
[EventCountry "GER"]
[SourceTitle "CBM 185 Extra"]
[Source "ChessBase"]
[SourceDate "2018.07.29"]
[SourceVersion "1"]
[SourceVersionDate "2018.07.29"]
[SourceQuality "1"]
[WhiteTeam "Thueringen"]
[BlackTeam "England"]
[WhiteTeamCountry "GER"]
[BlackTeamCountry "ENG"]

1. e4 e5 2. Bc4 Nf6 3. d3 Nc6 4. Nc3 Na5 5. Nge2 Be7 6. 0-0 0-0 7. Ng3 d6 8. Bb3 Nxb3 9. axb3 c6 10. d4 b5 11. dxe5 dxe5 12. Qxd8 Rxd8 13. Be3 a6 14. Rfd1 Rxd1+ 15. Rxd1 Be6 16. f3 g6 17. Ra1 Nd7 18. Nge2 Nc5 19. Nc1 a5 20. Kf1 f6 21. Ke2 Kf7 22. Nd3 Nxd3 23. Kxd3 Ra6 24. Bd2 Bc8 25. Nd1 a4 26. bxa4 bxa4 27. c4 Be6 28. b3 a3 29. Be3 Bb4 30. Nc3 Ra8 31. Na4 f5 32. Kc2 Rd8 33. Nc3 h5 34. Bc1 Bxc3 35. Kxc3 fxe4 1/2-1/2

[Event "WchT Seniors 50"]
[Site "Dresden"]
[Date "2018.07.09"]
[Round "3.5"]
[White "Casper, Thomas"]
[Black "Vollak, Andreas"]
[Result "1/2-1/2"]
[WhiteElo "2354"]
[BlackElo "2027"]
[PlyCount "32"]
[EventDate "2018.07.07"]
[EventType "team-swiss"]
[EventRounds "9"]
[EventCountry "GER"]
[SourceTitle "CBM 185 Extra"]
[Source "ChessBase"]
[SourceDate "2018.07.29"]
[SourceVersion "1"]
[SourceVersionDate "2018.07.29"]
[SourceQuality "1"]
[WhiteTeam "Thueringen"]
[BlackTeam "Potsdam Empor"]
[WhiteTeamCountry "GER"]
[BlackTeamCountry "GER"]

1. e4 e6 2. d4 d5 3. exd5 exd5 4. Nf3 Bd6 5. c4 Nf6 6. Nc3 0-0 7. cxd5 Bb4 8. Bg5 Nbd7 9. Be2 Nb6 10. 0-0 Be7 11. Bxf6 Bxf6 12. Qb3 Bg4 13. Rad1 Re8 14. h3 Bh5 15. Rd2 Qd6 16. g3 a6 1/2-1/2

[Event "BL2-Ost 1718"]
[Site "Germany"]
[Date "2017.11.11"]
[Round "3.8"]
[White "Casper, Thomas"]
[Black "Ruecker, Benjamin"]
[Result "1/2-1/2"]
[WhiteElo "2369"]
[BlackElo "2261"]
[PlyCount "23"]
[EventDate "2017.10.21"]
[EventType "team-tourn"]
[EventRounds "10"]
[EventCountry "GER"]
[SourceTitle "CBM 183 Extra"]
[Source "ChessBase"]
[SourceDate "2018.04.19"]
[SourceVersion "1"]
[SourceVersionDate "2018.04.19"]
[SourceQuality "1"]
[WhiteTeam "Erfurt"]
[BlackTeam "Garching"]
[WhiteTeamCountry "GER"]
[BlackTeamCountry "GER"]

1. e4 e5 2. Bc4 Nf6 3. d3 c6 4. Nf3 d5 5. Bb3 a5 6. a3 a4 7. Ba2 Bd6 8. Nc3 Be6 9. 0-0 Nbd7 10. Re1 0-0 11. h3 h6 12. Nh2 1/2-1/2

[Event "BL2-Ost 1617"]
[Site "Germany"]
[Date "2016.11.19"]
[Round "3.7"]
[White "Casper, Thomas"]
[Black "Loew, Gerald"]
[Result "1-0"]
[WhiteElo "2381"]
[BlackElo "2251"]
[PlyCount "89"]
[EventDate "2016.10.14"]
[EventType "team-tourn"]
[EventRounds "10"]
[EventCountry "GER"]
[SourceTitle "CBM 177 Extra"]
[Source "ChessBase"]
[SourceDate "2017.04.27"]
[SourceVersion "1"]
[SourceVersionDate "2017.04.27"]
[SourceQuality "1"]
[WhiteTeam "Erfurt"]
[BlackTeam "Bindlach"]
[WhiteTeamCountry "GER"]
[BlackTeamCountry "GER"]

1. e4 c5 2. Nf3 g6 3. c3 d5 4. exd5 Qxd5 5. d4 Bg7 6. Be2 Nf6 7. 0-0 cxd4 8. Nxd4 0-0 9. Na3 e5 10. Ndb5 Qxd1 11. Rxd1 Nc6 12. Be3 b6 13. Bg5 Ne4 14. Bf3 f5 15. Bxe4 fxe4 16. Rd6 Bb7 17. Rd7 Rab8 18. Nc4 Rf7 19. Rad1 Rbf8 20. Rxf7 Rxf7 21. Rd2 h6 22. Nbd6 Rd7 23. Nxb7 Rxb7 24. Nd6 Rc7 25. Be3 Na5 26. Nxe4 Nc4 27. Rd8+ Kh7 28. Bc1 b5 29. f3 Nb6 30. b3 Nd7 31. Bd2 Nf6 32. Nxf6+ Bxf6 33. Rd5 Rb7 34. Kf1 Kg7 35. Rd6 h5 36. Ra6 Bd8 37. Re6 Bf6 38. Ke2 Rc7 39. Kd3 Kf7 40. Ra6 Rd7+ 41. Kc2 e4 42. fxe4 Be5 43. h3 Rc7 44. b4 Re7 45. Ra5 1-0

[Event "BL2-Ost 1617"]
[Site "Germany"]
[Date "2016.10.16"]
[Round "2.7"]
[White "Casper, Thomas"]
[Black "Walter, Thomas"]
[Result "1/2-1/2"]
[WhiteElo "2381"]
[BlackElo "2128"]
[PlyCount "72"]
[EventDate "2016.10.14"]
[EventType "team-tourn"]
[EventRounds "10"]
[EventCountry "GER"]
[SourceTitle "CBM 175 Extra"]
[Source "ChessBase"]
[SourceDate "2016.12.12"]
[SourceVersion "1"]
[SourceVersionDate "2016.12.12"]
[SourceQuality "1"]
[WhiteTeam "Erfurt"]
[BlackTeam "Erlangen"]
[WhiteTeamCountry "GER"]
[BlackTeamCountry "GER"]

1. e4 e6 2. d4 d5 3. exd5 exd5 4. Nf3 Bd6 5. c4 Nf6 6. Nc3 0-0 7. cxd5 Bb4 8. Be2 Nxd5 9. Bd2 Nc6 10. 0-0 Be7 11. Bb5 Bg4 12. Bxc6 bxc6 13. h3 Bh5 14. Ne4 Rb8 15. b3 Ba3 16. Bc1 Bb4 17. Bb2 Re8 18. Ng3 Bg6 19. Rc1 Nf4 20. Ne5 Qd5 21. f3 Rb6 22. Nxg6 hxg6 23. Rc2 Rbb8 24. Ne2 Qg5 25. Nxf4 Qxf4 26. Bc1 Qg3 27. f4 Re4 28. Qf3 Qxf3 29. Rxf3 Rxd4 30. Rxc6 Bd6 31. Be3 Rd1+ 32. Rf1 Rxf1+ 33. Kxf1 a5 34. Rc4 Rb5 35. Ke2 f6 36. Bd2 Kf7 1/2-1/2

[Event "WchT Seniors 50"]
[Site "Radebeul"]
[Date "2016.06.27"]
[Round "2.2"]
[White "Casper, Thomas"]
[Black "Wegerer, Fred"]
[Result "1-0"]
[WhiteElo "2377"]
[BlackElo "2110"]
[PlyCount "71"]
[EventDate "2016.06.26"]
[EventType "team-swiss"]
[EventRounds "9"]
[EventCountry "GER"]
[SourceTitle "CBM 173 Extra"]
[Source "ChessBase"]
[SourceDate "2016.08.29"]
[SourceVersion "1"]
[SourceVersionDate "2016.08.29"]
[SourceQuality "1"]
[WhiteTeam "Thueringen"]
[BlackTeam "Graz"]
[WhiteTeamCountry "GER"]
[BlackTeamCountry "AUT"]

1. e4 c5 2. Nf3 e6 3. d3 Ne7 4. g3 d5 5. Nbd2 b6 6. Bg2 Bb7 7. 0-0 Nd7 8. Re1 h6 9. c3 Ng6 10. h4 dxe4 11. Nxe4 Be7 12. d4 cxd4 13. Nxd4 0-0 14. Nf6+ Nxf6 15. Bxb7 Rb8 16. Bg2 Bc5 17. Nc6 Qc7 18. b4 Qxg3 19. bxc5 Qxh4 20. Nxb8 Rxb8 21. Qf3 bxc5 22. Qg3 Rd8 23. Qxh4 Nxh4 24. Be3 Nxg2 25. Kxg2 Rd5 26. Rab1 g5 27. c4 Rf5 28. Rb5 Ng4 29. Bxc5 a6 30. Rb8+ Kh7 31. Bd4 Rf4 32. Rd8 h5 33. c5 e5 34. c6 exd4 35. c7 Rxf2+ 36. Kg1 1-0

[Event "Bundesliga 1516"]
[Site "Germany"]
[Date "2016.04.23"]
[Round "14.6"]
[White "Fiebig, Thomas"]
[Black "Casper, Thomas"]
[Result "1-0"]
[WhiteElo "2424"]
[BlackElo "2383"]
[PlyCount "47"]
[EventDate "2015.09.18"]
[EventType "team-tourn"]
[EventRounds "15"]
[EventCountry "GER"]
[SourceTitle "CBM 172"]
[Source "ChessBase"]
[SourceDate "2016.05.12"]
[SourceVersion "1"]
[SourceVersionDate "2016.05.12"]
[SourceQuality "1"]
[WhiteTeam "Emsdetten Turm"]
[BlackTeam "Erfurt"]
[WhiteTeamCountry "GER"]
[BlackTeamCountry "GER"]

1. d4 Nf6 2. Nf3 d6 3. Nc3 c6 4. e4 Bg4 5. h3 Bh5 6. Qe2 Qa5 7. g4 Bg6 8. Bd2 e5 9. 0-0-0 Nbd7 10. Kb1 Qc7 11. h4 h5 12. g5 Ng4 13. d5 Nc5 14. Be1 cxd5 15. Nxd5 Qc6 16. Nd2 f5 17. Bg2 Bf7 18. Nf1 fxe4 19. Bxe4 Nxe4 20. Qxe4 Bxd5 21. Rxd5 Qb6 22. f3 Nf2 23. Qg6+ Kd7 24. Rh2 1-0

[Event "Bundesliga 1516"]
[Site "Germany"]
[Date "2016.02.21"]
[Round "9.6"]
[White "Schnitzspan, Lothar"]
[Black "Casper, Thomas"]
[Result "0-1"]
[WhiteElo "2317"]
[BlackElo "2383"]
[PlyCount "130"]
[EventDate "2015.09.18"]
[EventType "team-tourn"]
[EventRounds "15"]
[EventCountry "GER"]
[SourceTitle "CBM 171"]
[Source "ChessBase"]
[SourceDate "2016.03.14"]
[SourceVersion "2"]
[SourceVersionDate "2016.03.14"]
[SourceQuality "1"]
[WhiteTeam "Griesheim"]
[BlackTeam "Erfurt"]
[WhiteTeamCountry "GER"]
[BlackTeamCountry "GER"]

1. Nf3 Nf6 2. c4 d6 3. g3 e5 4. Bg2 Be7 5. Nc3 0-0 6. 0-0 Re8 7. d4 Nbd7 8. Qc2 Bf8 9. b3 c6 10. e4 a6 11. Bb2 b5 12. Rfd1 Bb7 13. dxe5 dxe5 14. cxb5 cxb5 15. Nd5 Nxd5 16. exd5 Rc8 17. Qd2 Qb6 18. Bh3 Rcd8 19. Bg2 h6 20. Rac1 e4 21. Nd4 Nc5 22. Ne2 Nd3 23. Bd4 Qd6 24. Rc2 Bxd5 25. Qe3 f5 26. Bb6 Rc8 27. Rxc8 Rxc8 28. Bh3 Qg6 29. Nf4 Nxf4 30. Qxf4 Be6 31. Qe5 Qf6 32. Qxf6 gxf6 33. Be3 Kf7 34. Rc1 Rxc1+ 35. Bxc1 h5 36. Kf1 a5 37. Ke1 a4 38. bxa4 bxa4 39. a3 f4 40. Bf1 fxg3 41. hxg3 Bd7 42. Be2 Kg6 43. Kf1 Bc6 44. Ba6 f5 45. Bc4 Be7 46. Be2 h4 47. gxh4 Bxh4 48. Bc4 Be7 49. Be2 Bd6 50. Bc4 f4 51. Bb2 Kf5 52. Ke2 Bc5 53. Ba6 f3+ 54. Kf1 e3 55. fxe3 Bxe3 56. Bd3+ Kf4 57. Bc4 Bd7 58. Ke1 Bh3 59. Kd1 f2 60. Bc1 Bg4+ 61. Kc2 Bxc1 62. Kxc1 Ke3 63. Bf1 Be2 64. Bh3 Kd3 65. Kb2 Kd2 0-1

[Event "Bundesliga 1516"]
[Site "Germany"]
[Date "2015.12.12"]
[Round "3.6"]
[White "Casper, Thomas"]
[Black "Polzin, Rainer"]
[Result "1/2-1/2"]
[WhiteElo "2383"]
[BlackElo "2416"]
[PlyCount "73"]
[EventDate "2015.09.18"]
[EventType "team-tourn"]
[EventRounds "15"]
[EventCountry "GER"]
[SourceTitle "CBM 170"]
[Source "ChessBase"]
[SourceDate "2016.01.15"]
[SourceVersion "1"]
[SourceVersionDate "2016.01.15"]
[SourceQuality "1"]
[WhiteTeam "Erfurt"]
[BlackTeam "Berlin SF"]
[WhiteTeamCountry "GER"]
[BlackTeamCountry "GER"]

1. e4 g6 2. d4 Bg7 3. Nf3 d6 4. Be2 Nf6 5. Nc3 0-0 6. 0-0 c5 7. dxc5 dxc5 8. Qxd8 Rxd8 9. Be3 b6 10. Rad1 Nc6 11. Rxd8+ Nxd8 12. Bg5 Bb7 13. e5 Ng4 14. Bxe7 Nxe5 15. Nxe5 Bxe5 16. Re1 Nc6 17. Bf3 Bxc3 18. bxc3 Re8 19. Bxc6 Bxc6 20. f3 Ba4 21. Bh4 Rxe1+ 22. Bxe1 Bxc2 23. Bg3 c4 24. Bb8 a6 25. Kf2 Kf8 26. Ke3 Ke7 27. Bc7 b5 28. a3 Bd3 29. h4 Ke6 30. g3 h5 31. Kf4 Be2 32. Bd8 Bd1 33. Bc7 Kd7 34. Bb6 Ke6 35. Bc7 Kd5 36. Bd8 Ke6 37. Ke4 1/2-1/2

[Event "BL2-Ost 1314"]
[Site "Germany"]
[Date "2013.12.15"]
[Round "8.6"]
[White "Casper, Thomas"]
[Black "Heidrich, Manfred"]
[Result "1/2-1/2"]
[WhiteElo "2394"]
[BlackElo "2325"]
[PlyCount "21"]
[EventDate "2013.10.12"]
[EventType "team-tourn"]
[EventRounds "10"]
[EventCountry "GER"]
[SourceTitle "EXT 2015"]
[Source "ChessBase"]
[SourceDate "2014.11.20"]
[SourceVersion "1"]
[SourceVersionDate "2014.11.20"]
[SourceQuality "1"]
[WhiteTeam "Erfurt"]
[BlackTeam "Forchheim"]
[WhiteTeamCountry "GER"]
[BlackTeamCountry "GER"]

1. e4 c5 2. Nf3 Nf6 3. d3 d5 4. Nbd2 Nc6 5. g3 e6 6. Bg2 Be7 7. 0-0 0-0 8. Re1 Re8 9. c3 b6 10. exd5 exd5 11. Ne5 1/2-1/2

[Event "BL2-Ost 1213"]
[Site "Germany"]
[Date "2013.04.14"]
[Round "9.4"]
[White "Lammers, Markus"]
[Black "Casper, Thomas"]
[Result "1-0"]
[WhiteElo "2367"]
[BlackElo "2400"]
[PlyCount "83"]
[EventDate "2012.10.14"]
[EventType "team-tourn"]
[EventRounds "9"]
[EventCountry "GER"]
[SourceTitle "CBM 154 Extra"]
[Source "ChessBase"]
[SourceDate "2013.06.25"]
[SourceVersion "2"]
[SourceVersionDate "2013.06.25"]
[SourceQuality "1"]
[WhiteTeam "Zugzwang MSA"]
[BlackTeam "Erfurt"]
[WhiteTeamCountry "GER"]
[BlackTeamCountry "GER"]

1. Nf3 Nf6 2. c4 d6 3. d4 Nbd7 4. Nc3 e5 5. g3 g6 6. Bg2 Bg7 7. 0-0 0-0 8. h3 c6 9. Qc2 Qe7 10. dxe5 dxe5 11. Rd1 Ne8 12. a4 a5 13. b3 Nc5 14. Ba3 f5 15. b4 axb4 16. Bxb4 Nc7 17. Nd5 cxd5 18. cxd5 N7a6 19. d6 Qd8 20. Bxc5 e4 21. Qb3+ Kh8 22. Bb6 Be6 23. Qxe6 Qxb6 24. Rab1 Nc5 25. Qd5 Qc6 26. Ng5 h6 27. Nf7+ Kh7 28. d7 Bf6 29. Ne5 Qc7 30. Rbc1 Qxe5 31. Qxe5 Bxe5 32. Rxc5 Bf6 33. g4 fxg4 34. hxg4 Rxa4 35. Rc7 Rd8 36. e3 Rb4 37. Rd6 Rb1+ 38. Bf1 Kg7 39. Rc8 Be7 40. Kg2 Rb4 41. Rxd8 Bxd8 42. Re6 1-0

[Event "BL2-Ost 1213"]
[Site "Germany"]
[Date "2012.10.14"]
[Round "1.3"]
[White "Gegenfurtner, Juergen"]
[Black "Casper, Thomas"]
[Result "1-0"]
[WhiteElo "2257"]
[BlackElo "2400"]
[PlyCount "77"]
[EventDate "2012.10.14"]
[EventType "team-tourn"]
[EventRounds "9"]
[EventCountry "GER"]
[SourceTitle "CBM 154 Extra"]
[Source "ChessBase"]
[SourceDate "2013.06.25"]
[SourceVersion "2"]
[SourceVersionDate "2013.06.25"]
[SourceQuality "1"]
[WhiteTeam "Neutraubling Wacker"]
[BlackTeam "Erfurt"]
[WhiteTeamCountry "GER"]
[BlackTeamCountry "GER"]

1. e4 e6 2. d4 d5 3. Nc3 Bb4 4. exd5 exd5 5. Bd3 Ne7 6. Nf3 Nbc6 7. a3 Bxc3+ 8. bxc3 Bf5 9. 0-0 0-0 10. Rb1 b6 11. Re1 Bxd3 12. cxd3 Re8 13. Rb2 Ng6 14. Rbe2 Rxe2 15. Qxe2 Qd7 16. h3 f6 17. h4 h5 18. Nh2 Qf5 19. Nf1 Nxh4 20. Ng3 Qg4 21. Qe6+ Qxe6 22. Rxe6 Nd8 23. Re7 Rc8 24. Nxh5 Nf7 25. Bf4 c5 26. Rxa7 cxd4 27. cxd4 Rc3 28. Bc7 Rxd3 29. Bxb6 Nf5 30. Nf4 Rd1+ 31. Kh2 N7h6 32. f3 Nxd4 33. Bxd4 Rxd4 34. Rxg7+ Kh8 35. Ne6 Rh4+ 36. Kg1 Ra4 37. Rg6 Nf5 38. Rxf6 Ne3 39. g4 1-0